000 01152nam a2200325 4500
001 0000018270
003 CO-CtgCURN
005 20250403145240.0
007 ta
008 160627s2001 000 0 eng d
020 _a9701032101
040 _aCO-CtgCURN
_bspa
_ccoctgcurn
082 0 _a544.5
_bH35d
100 1 _aHenrich, William L.
245 1 0 _aDiálisis /
_cWilliam L. Henrich , traducción José Rafael Blengio.
250 _a2a ed.
260 _aMexico :
_bMcGraw-Hill,
_c2001.
300 _axv, 682 p.
336 _2rdacontent
337 _2rdamedia
_asin mediacion
_bn
338 _2rdacarrier
_avolumen
_bnc
504 _aBibliografia al final de cada capitulo.
505 8 _aConsideraciones tecnicas y de procedimiento.--Consideraciones clinicas en la evaluacion de pacientes dializados.--Farmacoterapia en los pacientes dializados
650 1 4 _aInsuficiencia renal.
700 1 _aBlengio, José Rafael,
_eTraductor.
908 _a160627
942 _cBK
_h544.5
_iH35d
_2ddc
_n0
999 _c21043
_d21043